[Event "RUS-chT Blitz (Women)"]
[Site "Sochi"]
[Date "2021.10.14"]
[Round "10.1"]
[White "Baraeva, Marina"]
[Black "Gubernatorova, Lyudmila"]
[Result "1-0"]
[WhiteElo "2227"]
[BlackElo "2130"]
[PlyCount "143"]
[EventDate "2021.10.14"]
[EventType "team-tourn (blitz)"]
[EventRounds "11"]
[EventCountry "RUS"]
[SourceTitle "CBM 204 Extra"]
[Source "ChessBase"]
[SourceDate "2021.11.30"]
[SourceVersion "1"]
[SourceVersionDate "2021.11.30"]
[SourceQuality "1"]
[WhiteTeam "Krasnodar Strimershi (W)"]
[BlackTeam "Belgorodsk Region (W)"]
[WhiteTeamCountry "RUS"]
[BlackTeamCountry "RUS"]

1. d4 Nf6 2. c4 c5 3. Nf3 cxd4 4. Nxd4 e5 5. Nb5 d5 6. cxd5 Bc5 7. N5c3 Qb6 8. e3 0-0 9. Be2 e4 10. 0-0 Qc7 11. Nd2 Qe5 12. Nc4 Qg5 13. Kh1 Re8 14. a3 Bg4 15. b4 Bf8 16. Bxg4 Nxg4 17. h3 Ne5 18. Nxe5 Qxe5 19. Bb2 Bd6 20. g3 Nd7 21. Qe2 Qf5 22. Kg2 Ne5 23. Nb5 Rad8 24. Nxd6 Rxd6 25. Bxe5 Rxe5 26. Rfd1 Rexd5 27. Rxd5 Qxd5 28. Rc1 h5 29. Rc8+ Kh7 30. Rc5 Qe6 31. Qxh5+ Kg8 32. Rc7 Rd8 33. Qg5 Rb8 34. Re7 Qc4 35. Qf4 Rf8 36. Rxe4 Qc6 37. Kh2 b5 38. Qf5 Qc2 39. Rf4 Qe2 40. Rh4 f6 41. Qe6+ Rf7 42. Qc8+ Rf8 43. Qe6+ Rf7 44. Qf5 Re7 45. Rd4 Rxe3 46. Rd8+ Kf7 47. Kg2 Re5 48. Qd7+ Re7 49. Qd5+ Kg6 50. Qd3+ Qxd3 51. Rxd3 a5 52. Kf3 axb4 53. axb4 Rc7 54. Rd5 Rb7 55. h4 Kf7 56. Ke4 Ke6 57. Kd4 g6 58. Rc5 Rb6 59. g4 Rd6+ 60. Ke4 Rb6 61. h5 f5+ 62. gxf5+ gxf5+ 63. Kf4 Rd6 64. Rxb5 Rd4+ 65. Kg5 Rg4+ 66. Kh6 Rf4 67. Kg7 Rxf2 68. Rb6+ Ke5 69. h6 Rg2+ 70. Rg6 Rh2 71. h7 f4 72. h8Q 1-0